A place to belong. (Record no. 13105)

000 -LEADER
fixed length control field 00585nam a2200181 a 4500
001 - CONTROL NUMBER
control field :::00010923$&:&@@
003 - CONTROL NUMBER IDENTIFIER
control field OkBaRHE
005 - DATE AND TIME OF LATEST TRANSACTION
control field 20000607103404.0
008 - FIXED-LENGTH DATA ELEMENTS--GENERAL INFORMATION
fixed length control field s1972 j 000 0 eng u
040 ## - CATALOGING SOURCE
Transcribing agency
100 1# - MAIN ENTRY--PERSONAL NAME
Personal name Williams, Robert A.
245 12 - TITLE STATEMENT
Title A place to belong.
Statement of responsibility, etc Foreword by Cecil G. Osborne.
260 ## - PUBLICATION, DISTRIBUTION, ETC. (IMPRINT)
Place of publication, distribution, etc Grand Rapids, MI., :
Name of publisher, distributor, etc Zondervan Publishing House
Date of publication, distribution, etc c1972
300 ## - PHYSICAL DESCRIPTION
Extent 175 p. ;
Dimensions 22 cm.
650 ## - SUBJECT ADDED ENTRY--TOPICAL TERM
Topical term or geographic name as entry element Christian Life
General subdivision 1960-
942 ## - ADDED ENTRY ELEMENTS (KOHA)
Source of classification or shelving scheme
Koha item type Books
Copies
Lost status Koha item type Full call number Copy number Source of classification or shelving scheme Price effective from Shelving location Not for loan Damaged status Date last seen Permanent Location Withdrawn status Barcode Date acquired
 BooksBV 4501.2 .W5431 2010-04-14General Stacks  2010-04-14RHEMA Bible Training College 109232010-04-14